[Event "Romulus op"]
[Site "Romulus"]
[Date "2000.09.02"]
[Round "2"]
[White "Santiago, Reynaldo"]
[Black "Geisleman, Dennis"]
[Result "0-1"]
[WhiteElo "2030"]
[BlackElo "2057"]
[PlyCount "87"]
[EventDate "2000.09.01"]
[EventType "swiss"]
[EventRounds "7"]
[EventCountry "USA"]
[SourceTitle "EXT 2007"]
[Source "ChessBase"]
[SourceDate "2006.11.23"]
[SourceVersion "1"]
[SourceVersionDate "2006.11.23"]
[SourceQuality "1"]

1. e4 d5 2. exd5 Qxd5 3. Nc3 Qa5 4. Nf3 Nf6 5. Bc4 Bf5 6. 0-0 e6 7. d4 c6 8. h3 Nbd7 9. Re1 Bb4 10. Bd2 Bxc3 11. Bxc3 Qc7 12. Ne5 Nxe5 13. Rxe5 b5 14. Bb3 0-0 15. Qe2 Rfd8 16. Rd1 a5 17. a3 a4 18. Ba2 Rd7 19. Bb4 Rad8 20. c3 h6 21. Rf1 Nd5 22. Bxd5 Rxd5 23. f4 Rxe5 24. fxe5 Qd7 25. Bd6 Bg6 26. Qg4 Rc8 27. Rf3 Qd8 28. h4 h5 29. Qf4 Bf5 30. Rg3 Kh7 31. Rg5 g6 32. g4 hxg4 33. h5 Kg7 34. h6+ Kh7 35. Kf2 Qd7 36. Kg3 Rg8 37. Kf2 Qd8 38. Kg3 Rh8 39. Rxg4 Bxg4 40. Qxf7+ Kxh6 41. Be7 Qe8 42. Qf6 Bh5 43. Qxe6 Qc8 44. Qf7 0-1